Bases y puntos de partida para la organización política de la republica argentina /

Guardado en:
Autor Principal: Alberdi, Juan Bautista
Formato: Libro
Publicado: Buenos Aires : Eudeba, 1966
Series:Siglo y medio; no. 115
Materias:
Etiquetas: Agregar Etiqueta
Sin Etiquetas, Sea el primero en etiquetar este registro!
LEADER 00682nam a22002055a 4500
001 CEM.cems000355
005 20061026161837.0
008 130507s1966##################000#0#####d
003 CEMS
082 0 4 |a 320 
100 1 |a Alberdi, Juan Bautista 
245 1 0 |a Bases y puntos de partida para la organización política de la republica argentina /  |c Juan Bautista Alberdi 
260 |a Buenos Aires :  |b Eudeba,  |c 1966 
300 |a 237 p. 
490 0 |a Siglo y medio; no. 115 
653 |a Historia argentina 
653 |a Historia argentina 1829-1861 
653 |a Historia argentina-organización 
653 |a Política argentina 
859 |a CEMS  |b BIB. CEMS - 11 de abril  |h 320  |i Al14  |p 10374.81  |t Ej.1